Statistiques concernant Trouvez le bon personnage historique

Cliquez ici pour prendre le quiz!

Statistiques générales

  • Ce quiz a été pris 161 fois
  • Le résultat moyen est 15 sur 25

Statistiques - réponses

HintRéponse% Correct
Il a composé les "4 saisons"Antonio Vivaldi
90%
Sa théorie de l'Évolution, en 1859, provoqua un véritable séisme au sein de la communauté scientifiqueCharles Darwin
86%
A écrit le "Discours de la méthode" dans lequel on lit "Je pense donc je suis"René Descartes
86%
A joué un rôle important dans l'indépendance du Viêt NamHô Chi Minh
84%
Est le père fondateur du taoïsmeLao Tseu
76%
Fut d'abord Reine de France puis Reine d'AngleterreAliénor d'Aquitaine
75%
A régné sur l'Empire romain de 54 à 68Néron
75%
Fut une figure emblématique de la Conquête de l'Ouest, dirigeant le "Wide West Show"Buffalo Bill
74%
Mena la fin de la Reconquista aux côtés de son épouxIsabelle de Castille
65%
Composa les musiques du "Bourgeois Gentilhomme"Jean-Baptiste Lully
65%
Est le souverain protagoniste de la légende du Vase de SoissonsClovis Ier
64%
Fut un pirate célèbre surnommé "Calico"Jack Rackham
60%
Est connu pour avoir assassiné Abraham LincolnJohn Wilkes Booth
59%
Fut prix Nobel en 1957Albert Camus
58%
A gouverné la Russie pendant plus de 30 ansCatherine II
55%
Fut par cinq fois champion de Formule 1Juan Manuel Fangio
55%
Est plus connu sous le nom de "El Cid"Rodrigo Diaz de Vivar
55%
A remporté la bataille de TrafalgarHoratio Nelson
52%
Fut pharaon vers 1479 avant notre èreHatchepsout
51%
Énonça le principe d'incertitude, en mécanique quantiqueWerner Heisenberg
51%
Était surnommée "La Bible de l'Opéra"Maria Callas
48%
Fonda la dynastie achéménideCyrus II "Le Grand"
45%
Écrivit "L'Éloge de la Folie"Érasme
42%
Accueillit Leon Trotsky en exilFrida Khalo
40%
Fut un des généraux d'Alexandre le GrandPtolémée Ier
36%

Distribution des résultats

Percentile par nombre de réponses

% des personnes avec chaque résultat

Votre développement - résultats

Vous n’avez pas pris ce quiz